Whisk(e)y fogyasztása Magyarországon, szerepe a gasztronómiában
| Szerző: | |
|---|---|
| További közreműködők: | |
| Dokumentumtípus: | Záródolgozat |
| Kulcsszavak: | Whisky, történet Whisky, skót Whiskey, ír Whisky, kanadai Whiskey, amerikai Fogyasztási szokás |
| Online Access: | http://dolgozattar.uni-bge.hu/59373 |
MARC
| LEADER | 00000nta a2200000 i 4500 | ||
|---|---|---|---|
| 001 | dolg59373 | ||
| 005 | 20260114080747.0 | ||
| 008 | 260114suuuu hu o 000 hun d | ||
| 040 | |a BGE Dolgozattár Repozitórium |b hun | ||
| 041 | |a hu | ||
| 100 | 1 | |a Nyakas László | |
| 245 | 1 | 0 | |a Whisk(e)y fogyasztása Magyarországon, szerepe a gasztronómiában |c Nyakas László |h [elektronikus dokumentum] |
| 516 | |a Final_paper | ||
| 695 | |a Whisky, történet | ||
| 695 | |a Whisky, skót | ||
| 695 | |a Whiskey, ír | ||
| 695 | |a Whisky, kanadai | ||
| 695 | |a Whiskey, amerikai | ||
| 695 | |a Fogyasztási szokás | ||
| 700 | 1 | |a Györe György |e ths | |
| 856 | 4 | 0 | |u http://dolgozattar.uni-bge.hu/59373/1/Nyakas-Laszlo.pdf |z Dokumentum-elérés |